000 00271nam a22000977a 4500
082 _aNR:339.138(540)
_bIND
245 _a<The> Indian Rubber Board: Report on marketing organisation for rubber
260 _aKottayam
_bIndian Rubber Board
_c1950
300 _a27p.
942 _cBK
999 _c74747
_d74747